| 000 | 00702nam a2200229 u 4500 | ||
|---|---|---|---|
| 005 | 20240511063842.0 | ||
| 008 | 140930s2006 ea r 000 0 spa d | ||
| 020 | _a1403475911 | ||
| 035 | _aUPN01000199872 | ||
| 049 | _aI | ||
| 050 | 4 |
_aBF299 S5 _bN5.2 |
|
| 100 | 1 |
_aNieker, Diane _936452 |
|
| 245 | 1 | 0 |
_aAlto y bajito / _cDiane Nieker. |
| 260 |
_aChicago, E.U.A. : _bHeinemann Library, _c2006. |
||
| 300 |
_a24 p. : _bil. col. |
||
| 440 | 0 |
_aHeinemann lee y aprende. _pTamaños |
|
| 534 |
_pTítulo original: _tTall and short |
||
| 650 | 2 |
_aPercepción del tamaño _vLiteratura infantil _923092 |
|
| 650 | 7 |
_aLibros ilustrados para niños _2 _921365 |
|
| 905 | _aInfantil | ||
| 999 |
_c171973 _d171973 |
||